Statistiken für Top 15 Länder mit Covid-19-Todesfällen - 5. Juni

Klicken Sie hier um das Quiz zu spielen!

Allgemein

  • Dieses Quiz wurde 9 mal gespielt
  • Das Durchschnittsergebnis liegt bei 18 aus 20

Antwortstatistiken

Land% Korrekt
Belgien
100%
Brasilien
100%
Deutschland
100%
Frankreich
100%
Indien
100%
Iran
100%
Italien
100%
Niederlande
100%
Russland
100%
Spanien
100%
Vereinigtes Königreich
100%
Vereinigte Staaten
100%
Mexiko
88%
Kanada
75%
Peru
75%
Portugal
75%
Schweden
75%
Schweiz
75%
Ecuador
63%
Irland
63%

Verteilung der Resultate

Perzentil nach korrekt beantworteten Fragen

Anzahl Personen mit jedem Resultat

Ihre Resultats-Entwicklung

Sie haben dieses Quiz noch nicht gespielt